5HLuxD.jpg

KING HENRY VIII SENIOR AND PRIMARY SCHOOL LIBRARY OPAC

Expo 3: (Record no. 3182)

000 -LEADER
fixed length control field 00490nam a22001817a 4500
003 - CONTROL NUMBER IDENTIFIER
control field OSt
005 - DATE AND TIME OF LATEST TRANSACTION
control field 20231031110202.0
008 - FIXED-LENGTH DATA ELEMENTS--GENERAL INFORMATION
fixed length control field 231031b ||||| |||| 00| 0 eng d
020 ## - INTERNATIONAL STANDARD BOOK NUMBER
International Standard Book Number 9780435392888
040 ## - CATALOGING SOURCE
Transcribing agency KH8
082 ## - DEWEY DECIMAL CLASSIFICATION NUMBER
Classification number 400 GRE
100 ## - MAIN ENTRY--PERSONAL NAME
Personal name Green, Rosie,
Relator term author.
245 ## - TITLE STATEMENT
Title Expo 3:
Remainder of title Vert Teacher's Guide /
Statement of responsibility, etc. Rosie Green and Tracy Traynor.
260 ## - PUBLICATION, DISTRIBUTION, ETC.
Place of publication, distribution, etc. Harlow ;
Name of publisher, distributor, etc. Heinemann.
300 ## - PHYSICAL DESCRIPTION
Dimensions 8.62 x 0.47 x 11.5 inches.
700 ## - ADDED ENTRY--PERSONAL NAME
Personal name Traynor, Tracy,
Relator term author.
942 ## - ADDED ENTRY ELEMENTS (KOHA)
Source of classification or shelving scheme
Koha item type Teaching Resources
Holdings
Withdrawn status Lost status Source of classification or shelving scheme Damaged status Not for loan Collection code Permanent Location Current Location Shelving location Date acquired Full call number Barcode Date last seen Price effective from Koha item type
          Teaching Resources KH8 Senior School Library KH8 Senior School Library Staff Office 2024-10-31 400 GRE TRKHSL006096 2024-10-31 2024-10-31 Teaching Resources

Powered By KH8 IT Dept